000
00272nam a22000977a 4500
005
20250901165245.0
008
210301b ||||| |||| 00| 0 eng d
050
_a
QU4.3 .W66
245
_a
Introducing biochemistry
_c
WOOD, E.J.
942
_2
lcc
_h
QU4.3 .W66 1982
999
_c
1107
_d
1107